Understanding American business jargon : a dictionary /

Bibliographic Details
Main Author: Folsom, W. Davis
Format: Book
Language:English
Published: Westport, Conn. : Greenwood Press, 1997.
Subjects:

MARC

Tag First Indicator Second Indicator Subfields
LEADER 00000cam a2200000 a 4500
001 in00001374021
005 20151006092517.0
008 961114s1997 ctu bd 000 0 eng
010 |a  96050211  
020 |a 0313299919 (alk. paper) 
035 |a (OCoLC)35986381 
035 |9 AHK0099AM 
040 |a DLC  |c DLC  |d YDX  |d TXA  |d UtOrBLW 
049 |a TXAM 
050 0 0 |a HF1001  |b .F65 1997 
082 0 0 |a 650/.03  |2 21 
100 1 |a Folsom, W. Davis. 
245 1 0 |a Understanding American business jargon :  |b a dictionary /  |c W. Davis Folsom. 
264 1 |a Westport, Conn. :  |b Greenwood Press,  |c 1997. 
300 |a xiv, 235 pages, 2 unnumbered pages ;  |c 25 cm. 
336 |a text  |b txt  |2 rdacontent 
337 |a unmediated  |b n  |2 rdamedia 
338 |a volume  |b nc  |2 rdacarrier 
504 |a Includes bibliographical references (page [237]). 
536 |a This book is provided through the generosity of the Texas A&M Reveille Club of Houston, Texas to recognize Russell Ross for his time and talent ; August, 1997. 
650 0 |a Business  |v Dictionaries. 
999 |a MARS 
999 f f |s 8aa1a3f2-f646-3d08-8d65-0796ae8b4ad8  |i 97b101fb-eb4f-31fc-89a4-521d3c1a0c89  |t 0 
952 f f |p ric  |a Texas A&M University  |b Rellis Campus  |c Joint Library Facility  |d Remote Storage  |t 0  |e HF1001 .F65 1997  |h Library of Congress classification  |i unmediated -- volume  |m A14821291053 
998 f f |a HF1001 .F65 1997  |t 0  |l Remote Storage